Dinamik
| Main Author: | |
|---|---|
| Format: | Book |
| Published: |
Kuala Lumpur :
Dewan Bahasa dan Pustaka ,
1980
|
MARC
| LEADER | 00000cam a2200000 7i4500 | ||
|---|---|---|---|
| 001 | 0000003371 | ||
| 005 | 20070623093000.0 | ||
| 008 | 021118s1980 | ||
| 090 | 0 | 0 | |a QA845 |b .G73 |
| 100 | 0 | |a Green, S. L. , |e author | |
| 245 | 0 | 0 | |a Dinamik |c S L Green |
| 260 | 2 | |a Kuala Lumpur : |b Dewan Bahasa dan Pustaka , |c 1980 | |
| 300 | |a 344 ms. ; ; |c 21 sm. | ||
| 501 | |a Terjemahan: Dynamics | ||
| 999 | |a 1000040396 |b Book |c OPEN SHELF (30 DAYS) |e Gong Badak Campus | ||